Hokejová palica

Bibliographic Details
Format: Book
Language:Slovak
Published: Banská Bystrica Úrad priemyselného vlastníctva SR 1996
Subjects:

MARC

LEADER 00000cam a2200000 a 4500
001 vtls001219641
003 SK-MaSNL
005 20260301154458.0
008 960412s1996 xo grj f00000 slo
035 |a SNK000163993 
040 |a SNK  |b slo  |c SNK  |e AACR2 
041 0 |a slo 
044 |a xo  |c SK 
072 7 |a 796  |x Šport. Hry. Telesné cvičenia  |2 konspekt 
080 |a (088.83)  |2 2001 
080 |a 796.966  |2 2011 
245 0 0 |a Hokejová palica 
260 |a Banská Bystrica  |b Úrad priemyselného vlastníctva SR  |c 1996 
650 0 7 |a hokejová palica  |2 SNKPH  |9 517443 
650 0 7 |a hokej  |2 SNKPH  |9 3232 
655 7 |a patenty  |2 SNKPH  |9 177343 
999 |c 797013  |d 798943 
952 |t P60, <03>, [BOOK], {603}  |a SNK  |b SNK  |y PREZ  |7 0  |o snkSK 278093  |i snkPS 167/96  |0 0  |1 0  |4 0  |d 1996-09-03  |l 0  |r 2005-01-01 00:00:00  |w 2026-02-24